| 000 | 00467cam a22001337a 4500 | ||
|---|---|---|---|
| 008 | 180718b1987 xxu||||| |||| 00| 0 eng d | ||
| 082 | _aAPPPA 86-87 GUP/K | ||
| 100 | _aGupta, K.D. | ||
| 245 |
_aSmugglers and foreign exchange manipulators (forfeiture of property) act 1976: a critical study _cby K.D. Gupta |
||
| 260 |
_aNew Delhi _bIndian Institute of Public Administration _c1987 |
||
| 300 | _a167p. | ||
| 650 | _aForeign exchange manipulators | ||
| 650 | _aSmugglers | ||
| 999 |
_c501447 _d501447 |
||